9-Letter Elements "Hangman" - Randomized - Statistics

General Stats
  • This quiz has been taken 585 times
  • The average score is 7 of 9
Answer Stats
Spelling % Correct
A
100%
A
100%
A
100%
A
100%
E
100%
I
100%
I
100%
I
100%
M
100%
N
100%
R
100%
U
100%
A
96%
A
96%
I
96%
M
96%
M
96%
M
96%
O
96%
U
96%
I
95%
M
95%
S
95%
U
95%
E
94%
I
94%
I
94%
I
94%
M
94%
M
94%
M
94%
U
94%
U
94%
I
93%
I
93%
M
93%
U
93%
U
93%
U
93%
A
92%
I
92%
M
92%
O
92%
U
92%
U
92%
I
91%
U
91%
U
91%
M
90%
E
89%
E
89%
I
89%
M
89%
M
89%
U
89%
E
88%
E
88%
N
88%
A
87%
A
87%
I
87%
E
86%
E
86%
E
86%
S
86%
I
85%
M
85%
N
85%
O
85%
U
85%
G
84%
C
83%
I
83%
R
83%
E
81%
P
81%
E
80%
G
80%
M
80%
N
80%
U
80%
M
78%
M
78%
M
77%
M
77%
T
77%
U
77%
U
77%
E
76%
R
76%
U
74%
A
73%
G
73%
L
73%
M
73%
N
73%
N
73%
O
73%
P
73%
R
73%
T
73%
O
72%
U
72%
D
67%
L
67%
L
67%
L
67%
L
67%
L
67%
R
67%
S
67%
S
67%
T
67%
T
67%
T
67%
T
67%
N
65%
R
65%
N
64%
N
64%
N
63%
T
61%
T
61%
H
60%
N
58%
N
58%
R
58%
T
58%
T
58%
P
56%
Y
56%
P
55%
R
54%
B
52%
C
50%
N
50%
S
50%
L
48%
Z
45%
H
39%
B
33%
D
28%
Y
22%
K
4%
No matching quizzes found
Score Distribution
Percent of People with Each Score
Percentile by Number Answered
Your Score History
You have not taken this quiz